[Event "Moscow-ch op Superfinal"]
[Site "Ershovo"]
[Date "2024.02.25"]
[Round "4"]
[White "Lyutsinger, Iren"]
[Black "Smirnova, Ekaterina"]
[Result "0-1"]
[WhiteElo "1916"]
[BlackElo "2190"]
[PlyCount "84"]
[EventDate "2024.02.23"]
[EventType "swiss"]
[EventRounds "10"]
[EventCountry "RUS"]
[SourceTitle "CB10_2024"]
[SourceDate "2024.03.06"]
[SourceVersion "1"]
[SourceVersionDate "2024.03.06"]
[SourceQuality "1"]

1. e4 e6 2. d4 d5 3. e5 c5 4. c3 Nc6 5. Nf3 Nge7 6. Be2 Nf5 7. g4 Nh4 8. Nxh4 Qxh4 9. Bf4 cxd4 10. cxd4 f6 11. Bg3 Qh6 12. h4 Bb4+ 13. Nc3 0-0 14. 0-0 Ba5 15. Kg2 Bb6 16. f4 Nxd4 17. g5 fxg5 18. fxg5 Rxf1 19. Qxf1 Qg6 20. Bd3 Qh5 21. Qf4 Bd7 22. Rf1 Nf5 23. Bxf5 exf5 24. e6 Bxe6 25. Qd6 Qf7 26. Re1 Re8 27. Kh2 d4 28. Nd5 Bxd5 29. Rxe8+ Qxe8 30. Qxd5+ Qf7 31. Qe5 d3 32. Qb8+ Qf8 33. Qxb7 f4 34. Qd5+ Kh8 35. Be1 f3 36. Bb4 Bc7+ 37. Kg1 f2+ 38. Kf1 Qxb4 39. Qa8+ Qb8 40. Qd5 Qe8 41. Qxd3 Qe1+ 42. Kg2 Qg1+ 0-1

[Event "Wch U14 Girls"]
[Site "Montesilvano"]
[Date "2023.11.24"]
[Round "11"]
[White "Derlich, Sarah Sima"]
[Black "Lyutsinger, Iren"]
[Result "0-1"]
[WhiteElo "1745"]
[BlackElo "2020"]
[PlyCount "144"]
[EventDate "2023.11.13"]
[EventType "swiss"]
[EventRounds "11"]
[EventCountry "ITA"]
[SourceTitle "CB48_2023"]
[SourceDate "2023.11.29"]
[SourceVersion "1"]
[SourceVersionDate "2023.11.29"]
[SourceQuality "1"]

1. e4 c5 2. Nf3 d6 3. Bb5+ Bd7 4. Bxd7+ Qxd7 5. c4 Nf6 6. Nc3 Nc6 7. d3 g6 8. 0-0 Bg7 9. a3 0-0 10. Rb1 a5 11. Bg5 Rab8 12. Qd2 Rfe8 13. Rfe1 e6 14. Bf4 Rbd8 15. e5 dxe5 16. Nxe5 Nxe5 17. Rxe5 Nh5 18. Rxc5 Nxf4 19. Qxf4 Qxd3 20. Qe4 Bxc3 21. Qxd3 Rxd3 22. bxc3 Rxc3 23. Kf1 Rd8 24. Rb2 Rxa3 25. Rc7 b6 26. Ke2 Rd4 27. Rxb6 Rc3 28. Rbb7 Rf4 29. c5 a4 30. c6 a3 31. Rc8+ Kg7 32. Ra7 Rfc4 33. Rcc7 Kf6 34. Rxf7+ Ke5 35. Ra5+ Kd6 36. g3 Rb3 37. Rfa7 Rc2+ 38. Kf1 Rbb2 39. Rxa3 Rxf2+ 40. Kg1 Rg2+ 41. Kf1 Rxh2 42. Kg1 Rhd2 43. Rd7+ Kxc6 44. Rxd2 Rxd2 45. Ra6+ Kd5 46. Ra7 Ke4 47. Rxh7 g5 48. Rf7 Ra2 49. Rb7 Rd2 50. Rf7 Rd4 51. Kf2 Ra4 52. Rb7 g4 53. Rb2 e5 54. Rd2 Ra3 55. Re2+ Kd4 56. Rd2+ Rd3 57. Ra2 Rf3+ 58. Kg2 Rc3 59. Kf2 Kd3 60. Re2 Rc5 61. Re3+ Kd4 62. Re2 Rc3 63. Rd2+ Rd3 64. Ra2 Rf3+ 65. Kg2 Rc3 66. Kf2 e4 67. Ra4+ Kd3 68. Ra2 e3+ 69. Kf1 Rc1+ 70. Kg2 Rc2+ 71. Rxc2 Kxc2 72. Kf1 Kd2 0-1

[Event "Paracin op 16th"]
[Site "Paracin"]
[Date "2023.07.12"]
[Round "6"]
[White "Preobrazhenskaya, Diana"]
[Black "Lyutsinger, Iren"]
[Result "1-0"]
[WhiteElo "2008"]
[BlackElo "1807"]
[PlyCount "95"]
[EventDate "2023.07.07"]
[EventType "swiss"]
[EventRounds "9"]
[EventCountry "SRB"]
[SourceTitle "EXT 2024"]
[Source "ChessBase"]
[SourceDate "2023.10.10"]
[SourceVersion "1"]
[SourceVersionDate "2023.10.10"]
[SourceQuality "1"]

1. e4 c5 2. Nf3 e6 3. g3 Nc6 4. Bg2 Nf6 5. Qe2 e5 6. 0-0 Be7 7. d3 h6 8. Nbd2 0-0 9. Nc4 d6 10. c3 b5 11. Ne3 Be6 12. Nh4 Re8 13. f4 Bf8 14. f5 Bd7 15. Nf3 Qb6 16. Kh1 Ne7 17. g4 Nh7 18. h4 f6 19. c4 bxc4 20. dxc4 Bc6 21. Nd5 Nxd5 22. exd5 Bb7 23. Nd2 a5 24. a4 Ba6 25. b3 Kf7 26. Qd3 Ke7 27. Ne4 Kd7 28. g5 hxg5 29. hxg5 Nxg5 30. Bxg5 fxg5 31. f6 Kd8 32. f7 Re7 33. Nxg5 Kc7 34. Ne6+ Kb7 35. Qg6 Ka7 36. Rab1 Qb4 37. Nxg7 Bb7 38. Ne8 Qd2 39. Nxd6 Ba6 40. Ne4 Qd4 41. Rbd1 Qe3 42. Rf3 Qe2 43. Nc3 Qb2 44. Rf6 Bb7 45. Nb5+ Kb8 46. Qg8 Qxb3 47. Qxf8+ Bc8 48. Rb6+ 1-0

[Event "Cheliabinsk Panchenko Memorial op-B"]
[Site "Cheliabinsk"]
[Date "2022.09.20"]
[Round "9"]
[White "Lyutsinger, Iren"]
[Black "Zaikina, Yuliya"]
[Result "1-0"]
[WhiteElo "1855"]
[BlackElo "1656"]
[PlyCount "77"]
[EventDate "2022.09.12"]
[EventType "swiss"]
[EventRounds "10"]
[EventCountry "RUS"]
[SourceTitle "CBM 210 Extra"]
[Source "ChessBase"]
[SourceDate "2022.11.30"]
[SourceVersion "1"]
[SourceVersionDate "2022.11.30"]
[SourceQuality "1"]

1. e4 c5 2. c3 e6 3. d4 d5 4. exd5 exd5 5. Nf3 Nc6 6. Bb5 Bd6 7. dxc5 Bxc5 8. 0-0 Nf6 9. Bg5 Be6 10. Nbd2 0-0 11. Nb3 Be7 12. Nbd4 Qc7 13. Re1 Nxd4 14. Qxd4 Bc5 15. Qd3 Ng4 16. Bh4 Qb6 17. Nd4 Bxd4 18. cxd4 Nh6 19. Be7 Rfc8 20. h3 a6 21. Ba4 Nf5 22. Bc5 Qd8 23. Re5 b6 24. Ba3 g6 25. Bb3 Rc7 26. Rae1 Qd7 27. g4 Ng7 28. Qf3 Rd8 29. Kh2 a5 30. Bd1 Rdc8 31. b3 Rc3 32. Qf4 h5 33. Bb2 R3c7 34. gxh5 Bxh3 35. hxg6 fxg6 36. Qg3 Bf5 37. Bf3 Ne6 38. Rxf5 Qh7+ 39. Rh5 1-0

[Event "Cheliabinsk Panchenko Memorial op-B"]
[Site "Cheliabinsk"]
[Date "2022.09.15"]
[Round "4"]
[White "Voronaya, Eva"]
[Black "Lyutsinger, Iren"]
[Result "0-1"]
[WhiteElo "1474"]
[BlackElo "1855"]
[PlyCount "90"]
[EventDate "2022.09.12"]
[EventType "swiss"]
[EventRounds "10"]
[EventCountry "RUS"]
[SourceTitle "CBM 210 Extra"]
[Source "ChessBase"]
[SourceDate "2022.11.30"]
[SourceVersion "1"]
[SourceVersionDate "2022.11.30"]
[SourceQuality "1"]

1. d4 Nf6 2. Nf3 g6 3. g3 Bg7 4. Bg2 0-0 5. 0-0 d6 6. c4 c5 7. Nc3 Nc6 8. dxc5 dxc5 9. Be3 Qa5 10. Qa4 Qxa4 11. Nxa4 b6 12. Nc3 Bb7 13. Rad1 Rad8 14. h3 Nd7 15. Bd2 Nd4 16. b3 Nxf3+ 17. Bxf3 Bxf3 18. exf3 Ne5 19. Kg2 Rd3 20. Nd5 e6 21. Ne3 Rfd8 22. Bc3 Nxc4 23. Rxd3 Rxd3 24. Nxc4 Bxc3 25. Rc1 Bd4 26. Rc2 Kf8 27. Nb2 Rc3 28. Rxc3 Bxc3 29. Nc4 Ke7 30. Na3 a6 31. Nc2 Kd6 32. Ne3 b5 33. f4 Bd4 34. Kf3 Bxe3 35. Kxe3 Kd5 36. Kd3 b4 37. f3 h5 38. g4 h4 39. g5 a5 40. Ke3 c4 41. bxc4+ Kxc4 42. Ke4 a4 43. Ke5 b3 44. axb3+ axb3 45. Kf6 b2 0-1

[Event "Cheliabinsk Panchenko Memorial op-B"]
[Site "Cheliabinsk"]
[Date "2022.09.12"]
[Round "1"]
[White "Lyutsinger, Iren"]
[Black "Tomilova, Elena"]
[Result "1/2-1/2"]
[WhiteElo "1855"]
[BlackElo "2211"]
[PlyCount "76"]
[EventDate "2022.09.12"]
[EventType "swiss"]
[EventRounds "10"]
[EventCountry "RUS"]
[SourceTitle "CBM 210 Extra"]
[Source "ChessBase"]
[SourceDate "2022.11.30"]
[SourceVersion "1"]
[SourceVersionDate "2022.11.30"]
[SourceQuality "1"]

1. e4 c5 2. Nc3 Nc6 3. g3 g6 4. Bg2 Bg7 5. d3 d6 6. f4 Rb8 7. Nf3 b5 8. a3 a5 9. 0-0 e6 10. Rb1 Nge7 11. Be3 0-0 12. a4 bxa4 13. Nxa4 Ba6 14. b3 Nb4 15. e5 Ned5 16. Bf2 Rc8 17. exd6 Qxd6 18. Nd2 Bd4 19. Ne4 Qe7 20. Qe2 Rfd8 21. Rbd1 Nf6 22. Nb6 Rb8 23. Nc4 Nbd5 24. Bxd4 cxd4 25. Nxf6+ Qxf6 26. Bxd5 Rxd5 27. Ra1 Rbb5 28. Qd2 Qf5 29. Ra4 Bb7 30. Rfa1 Rd8 31. Rxa5 Qd5 32. Rxb5 Qxb5 33. Qa5 Qd7 34. Qc5 e5 35. Ra7 Qg4 36. Rxb7 Qd1+ 37. Kg2 Qe2+ 38. Kg1 Qe1+ 1/2-1/2

[Event "Chigorin Memorial 28th"]
[Site "St Petersburg"]
[Date "2021.10.31"]
[Round "9"]
[White "Lyutsinger, Iren"]
[Black "Lauda, Alexandr"]
[Result "1-0"]
[WhiteElo "1622"]
[BlackElo "1895"]
[PlyCount "35"]
[EventDate "2021.10.23"]
[EventType "swiss"]
[EventRounds "9"]
[EventCountry "RUS"]
[SourceTitle "EXT 2023"]
[Source "ChessBase"]
[SourceDate "2022.10.05"]
[SourceVersion "1"]
[SourceVersionDate "2022.10.05"]
[SourceQuality "1"]

1. e4 d6 2. d4 Nf6 3. Nc3 g6 4. f4 Bg7 5. Nf3 Nbd7 6. Bc4 0-0 7. 0-0 e5 8. fxe5 dxe5 9. dxe5 Ng4 10. e6 Nde5 11. Nxe5 Nxe5 12. exf7+ Kh8 13. Qxd8 Rxd8 14. Bg5 Rf8 15. Bb3 c5 16. Bd5 Ng4 17. Be7 Bd7 18. Bxc5 1-0

[Event "Sochi Lobanov Memorial Blitz"]
[Site "Sochi"]
[Date "2021.10.09"]
[Round "1"]
[White "Pridorozhni, Aleksei"]
[Black "Lyutsinger, Iren"]
[Result "1-0"]
[WhiteElo "2564"]
[BlackElo "1622"]
[PlyCount "77"]
[EventDate "2021.10.09"]
[EventType "swiss (blitz)"]
[EventRounds "13"]
[EventCountry "RUS"]
[SourceTitle "CBM 204 Extra"]
[Source "ChessBase"]
[SourceDate "2021.11.30"]
[SourceVersion "1"]
[SourceVersionDate "2021.11.30"]
[SourceQuality "1"]

1. e4 c5 2. Nc3 Nc6 3. Bb5 Nd4 4. Nf3 a6 5. Bd3 g6 6. Nxd4 cxd4 7. Ne2 Bg7 8. c3 dxc3 9. dxc3 d5 10. 0-0 Nf6 11. e5 Nd7 12. f4 e6 13. Be3 0-0 14. Qd2 f6 15. exf6 Nxf6 16. Bd4 b5 17. Rae1 Re8 18. Kh1 Ng4 19. h3 Nf6 20. Kh2 Bd7 21. Be5 Bc8 22. Nd4 Qb6 23. Qf2 Bd7 24. a3 a5 25. Nxb5 Qxf2 26. Rxf2 Bxb5 27. Bxb5 Re7 28. Bd6 Rea7 29. Rxe6 Ne4 30. Re2 Bf8 31. Bxf8 Rxf8 32. c4 Rxf4 33. cxd5 Raf7 34. d6 Ng5 35. Re8+ Kg7 36. d7 Rf1 37. d8Q R7f2 38. Rxf2 Rxf2 39. Qxg5 1-0

[Event "Moscow-ch Final (Women)"]
[Site "Moscow"]
[Date "2021.04.01"]
[Round "8"]
[White "Lyutsinger, Iren"]
[Black "Zherebtsova, Alexandra"]
[Result "0-1"]
[WhiteElo "1464"]
[BlackElo "2177"]
[PlyCount "80"]
[EventDate "2021.03.25"]
[EventType "swiss"]
[EventRounds "9"]
[EventCountry "RUS"]
[SourceTitle "CBM 202 Extra"]
[Source "ChessBase"]
[SourceDate "2021.07.31"]
[SourceVersion "1"]
[SourceVersionDate "2021.07.31"]
[SourceQuality "1"]

1. e4 c5 2. Nc3 Nc6 3. g3 g6 4. Bg2 Bg7 5. d3 d6 6. f4 e6 7. Nf3 Nge7 8. 0-0 0-0 9. Be3 Rb8 10. d4 d5 11. e5 Nf5 12. Bf2 cxd4 13. Nxd4 Nfxd4 14. Bxd4 Nxd4 15. Qxd4 Qa5 16. Rad1 b5 17. g4 b4 18. Ne2 f6 19. Qe3 fxe5 20. fxe5 Rxf1+ 21. Rxf1 Bd7 22. Nf4 Qb6 23. Re1 Qxe3+ 24. Rxe3 Bh6 25. Rf3 Rc8 26. g5 Bxg5 27. Bh3 Rf8 28. Bxe6+ Bxe6 29. Nxe6 Rxf3 30. Nxg5 Rf5 31. Nh3 Rxe5 32. Kf2 Re4 33. Kf3 Rc4 34. Nf4 Rxc2 35. Nd3 Rxh2 36. Nxb4 Rxb2 37. Nxd5 Rxa2 38. Ne7+ Kf7 39. Nc6 a5 40. Nxa5 Rxa5 0-1